| 000 | 00668cam a2200205 4500 | ||
|---|---|---|---|
| 001 | ##J2152 | ||
| 008 | 090401t1993 xxu||||| |||| 00| 0 eng d | ||
| 035 | _a(Sirsi) u47512 | ||
| 041 | 0 | _aeng | |
| 110 | 1 |
_aEurope _bEuropean Communities Commission _9698 |
|
| 245 | 0 | 0 | _aCommission decision No. 3632/93/ECSC of 28 December 1993 establishing Community rules for state aid to the coal industry |
| 260 |
_a[S.l.] _b[s.n.] _c1993 |
||
| 300 |
_a(7)p. _c30cm. |
||
| 490 | 0 | _aEC Decision | |
| 650 | 2 | 4 | _aDECISION 3632/83/ECSC |
| 651 | 4 | _aEUROPEAN COMMUNITY | |
| 690 | _aENVIRONMENTAL AND LAND CONSULTANCY-MINERAL RESOURCE MANAGEMENT | ||
| 942 | _n0 | ||
| 948 | _c04/03/1997 | ||
| 999 |
_c92141 _d92141 |
||